| 000 | 04827nam0a2200409 4500 | ||
|---|---|---|---|
| 001 | RU\NLR\BIBL_A\012803638 | ||
| 005 | 20260407114837.0 | ||
| 010 |
_a978-5-91137-458-7 _9500 |
||
| 021 |
_aRU _b2022-11333 _9КН-П-967 |
||
| 035 | _a(RuMoRGB)010989885 | ||
| 035 | _a(NLR Aleph) 012803638 | ||
| 090 |
_a13190826 _c13190826 |
||
| 100 | _a20220530d2021 |||y0rusy50 ca | ||
| 101 | 0 | _arus | |
| 102 | _aRU | ||
| 105 | _a |||z|||000zy | ||
| 181 | 0 |
_ai3 _baxxe |
|
| 182 | 0 | _an | |
| 200 | 1 |
_aСоциально-экономическая динамика и перспективы развития российской Арктики с учётом геополитических, макроэкономических, экологических и минерально-сырьевых факторов _eмонография _fЕ. А. Бажутова, С. В. Баранов, д-р физ.-мат. наук, доц., Е. А. Корчак, канд. экон. наук, доц. [и др.] _gпод научной редакцией Т. П. Скуфьиной, Е. А. Корчак _gМинистерство науки и высшего образования Российской Федерации, Федеральный исследовательский центр "Кольский научный центр Российской академии наук", Институт экономических проблем имени Г. П. Лузина |
|
| 203 |
_aТекст _bвизуальный _cнепосредственный |
||
| 210 |
_aАпатиты _cИзд-во Кольского научного центра _d2021 |
||
| 215 |
_a209 с. _cил., табл., цв. ил. _d26 |
||
| 300 | _aАвт. указаны на обороте тит. с. | ||
| 320 | _aБиблиогр.: с. 183-205 (345 назв.) и в подстроч. примеч. | ||
| 330 | _aМонография посвящена рассмотрению социально-экономической динамики, выяснению проблем и перспектив развития российской Арктики с учётом геополитических, макроэкономических, экологических, минерально-сырьевых факторов. Раскрыты основные направления и теоретико-методологические особенности исследования социально-экономической динамики российской Арктики. Значительное место в работе уделено институциональным условиям функционирования российской Арктики, включая современный нормотворческий процесс, правовой режим обеспечения рационального природопользования и охраны окружающей среды, а также особенностям международной экологической политики. Представлены особенности социально-экономической динамики, результаты оценки состояния и развития промышленного производства и инвестиций в основной капитал по отдельным видам экономической деятельности регионов Арктической зоны Российской Федерации. Дан анализ минерально-сырьевому комплексу российской Арктики в качестве основы развития северных территорий и базиса национальной экономики | ||
| 607 |
_aАрктика _xСоциально-экономическое развитие _yРоссийский сектор _92205649 _3RU\NLR\AUTH\6601559659 |
||
| 686 | 1 | _aУ03(2Р1)74 | |
| 701 | 1 |
_aБажутова _bЕ. А. _gЕкатерина Андреевна |
|
| 701 | 1 |
_8rus _7ca _aБаранов _bС. В. _cд-р физ.-мат. наук _f1975- _gСергей Владимирович _3RU\NLR\AUTH\7741502 _924450 |
|
| 701 | 1 |
_7ca _8rus _aКорчак _bЕ. А. _cканд. экон. наук _gЕлена Анатольевна _9177108 _3RU\NLR\AUTH\770177159 |
|
| 702 | 1 |
_4340 _8rus _7ca _aСкуфьина _bТ.П. _f1970 - _gТатьяна Петровна _3RU\NLR\AUTH\7763609 _946538 |
|
| 712 | 0 | 2 |
_4570 _aИнститут экономических проблем им. Г. П. Лузина _cАпатиты _3RU\NLR\AUTH\889947483 _9390602 |
| 942 | _cBOOK | ||
| 980 | _aNB | ||